000 00848nam a2200217Ii 4500
003 JO-AjNU
008 230605s9999||||xx |||||||||||||| ||und||
040 _aJO-AjNU
_bara
_erda
_cJO-AjNU
041 _aara
050 1 4 _aDS115.5.D2 1974
100 3 _aتاليف الدباغ، مصطفى مراد 1898- 1989,
_eauthor
_945600
245 0 0 _aبلادنا فلسطين: في ديار الجليل- جندرا الاردن المجلد السادس، القسم الثاني
250 _aط1
264 3 1 _aد.م: د.ن، 1974
300 _aالمجلد 6، القسم 2 ، 590ص
336 _atext
_btxt
_2rdacontent
337 _aunmediated
_bn
_2rdamedia
338 _avolume
_bnc
_2rdacarrier
490 0 _aمطبوعات رابطة الجامعيين بمحافطة الخليل
650 4 _aفلسطين- تاريخ- جغرافية
_945601
999 _aA19779
_c23347
_d23347